Catálogo - Centro de Recursos para el Aprendizaje y la Investigación

Volver al Sitio - CRAI Biblioteca

Mañana te escribiré otra vez : Minerva y Manolo cartas / (Registro nro. 114352)

Detalles MARC
000 -CABECERA
campo de control de longitud fija 01439nam a2200313 4500
001 - NÚMERO DE CONTROL
campo de control 114352
003 - IDENTIFICADOR DEL NÚMERO DE CONTROL
campo de control DR-UNIBE
005 - FECHA Y HORA DE LA ÚLTIMA TRANSACCIÓN
campo de control 20260130062553.0
008 - DATOS DE LONGITUD FIJA--INFORMACIÓN GENERAL
campo de control de longitud fija 260129b2013 dr ||||| |||| 00| 0 spa d
020 ## - NÚMERO INTERNACIONAL ESTÁNDAR DEL LIBRO
Número Internacional Estándar del Libro 9789945471625
040 ## - FUENTE DE LA CATALOGACIÓN
Centro catalogador/agencia de origen BIBLIOTECA UNIBE
Lengua de catalogación spa
Centro/agencia transcriptor BIBLIOTECA UNIBE
Normas de descripción rda
041 ## - CÓDIGO DE LENGUA
Código de lengua del texto/banda sonora o título independiente spa
082 ## - NÚMERO DE LA CLASIFICACIÓN DECIMAL DEWEY
Número de clasificación RD 866 T234m 2013
100 10 - ENTRADA PRINCIPAL--NOMBRE DE PERSONA
Nombre de persona Tavárez Mirabal, Minou,
Fechas asociadas al nombre 1956-
9 (RLIN) 49124
Término indicativo de función/relación autor
245 10 - MENCIÓN DE TÍTULO
Título Mañana te escribiré otra vez : Minerva y Manolo cartas /
Mención de responsabilidad, etc. Minou Tavárez Mirabal
250 ## - MENCIÓN DE EDICIÓN
Mención de edición Segunda edición
260 ## - PUBLICACIÓN, DISTRIBUCIÓN, ETC.
Lugar de publicación, distribución, etc. Santo Domingo :
Nombre del editor, distribuidor, etc. Aguilar :
-- Fundación Hermanas Mirabal,
Fecha de publicación, distribución, etc. 2013
300 ## - DESCRIPCIÓN FÍSICA
Extensión 303 páginas :
Otras características físicas fotos b/n, mapas, sobres ;
Dimensiones 26 x 25 cm
505 ## - NOTA DE CONTENIDO CON FORMATO
Nota de contenido con formato I. Novios -- Agosto 1954 - Octubre 1955 | II. Esposos -- 1956-1958 | III. En la cárcel -- 1959-1960 | IV. La vida | Anexos
600 #7 - PUNTO DE ACCESO ADICIONAL DE MATERIA--NOMBRE DE PERSONA
Fuente del encabezamiento o término lemb
Nombre de persona Mirabal, Minerva,
Fechas asociadas al nombre 1926-1960
Forma completa/desarrollada del nombre (Mirabal Reyes, Minerva Argentina)
9 (RLIN) 141883
Subdivisión general Cartas
600 #7 - PUNTO DE ACCESO ADICIONAL DE MATERIA--NOMBRE DE PERSONA
Fuente del encabezamiento o término lemb
Nombre de persona Tavárez Justo, Manuel Aurelio (Manolo),
Fechas asociadas al nombre 1931-1963
9 (RLIN) 162915
Subdivisión general cartas
650 #7 - PUNTO DE ACCESO ADICIONAL DE MATERIA--TÉRMINO DE MATERIA
Fuente del encabezamiento o término lemb
Término de materia o nombre geográfico como elemento de entrada Cartas dominicanas
9 (RLIN) 49615
650 #7 - PUNTO DE ACCESO ADICIONAL DE MATERIA--TÉRMINO DE MATERIA
Fuente del encabezamiento o término lemb
Término de materia o nombre geográfico como elemento de entrada Familia Tavárez Mirabal
Subdivisión general cartas
9 (RLIN) 201944
700 #0 - PUNTO DE ACCESO ADICIONAL--NOMBRE DE PERSONA
Nombre de persona Bachelet, Michelle,
Fechas asociadas al nombre 1951-
Forma completa/desarrollada del nombre (Bachelet Jeria, Michelle Verónica),
Término indicativo de función/relación presentador
9 (RLIN) 156100
700 10 - PUNTO DE ACCESO ADICIONAL--NOMBRE DE PERSONA
Nombre de persona Rivera Flaviá, Lía
9 (RLIN) 156101
Término indicativo de función/relación fotógrafo
700 10 - PUNTO DE ACCESO ADICIONAL--NOMBRE DE PERSONA
Nombre de persona Tavárez Justo, Ángela
9 (RLIN) 156102
Término indicativo de función/relación fotógrafo
700 10 - PUNTO DE ACCESO ADICIONAL--NOMBRE DE PERSONA
Nombre de persona Miolán, Irina
9 (RLIN) 130770
Término indicativo de función/relación diseñador
-- diagramador
-- collage
942 ## - ELEMENTOS DE PUNTO DE ACCESO ADICIONAL (KOHA)
Fuente del sistema de clasificación o colocación Sistema de Clasificación Decimal Dewey
Tipo de ítem Koha Libro (general)
Existencias
Estado de retiro Estado de pérdida Fuente del sistema de clasificación o colocación No para préstamo Código de colección Localización permanente Fecha de adquisición Total de préstamos Signatura topográfica completa Código de barras Fecha visto por última vez Número de copia Precio válido a partir de Tipo de ítem Koha
  Disponible Sistema de Clasificación Decimal Dewey   General - Libros dominicanos Biblioteca Central UNIBE 12/11/2025   RD 866 T234m 2013 260053 29/01/2026 Ej. 1 29/01/2026 Libro (general)
  Disponible Sistema de Clasificación Decimal Dewey   General - Libros dominicanos Biblioteca Central UNIBE 12/11/2025   RD 866 T234m 2013 260054 29/01/2026 Ej. 2 29/01/2026 Libro (general)